Magyarország helye a világpolitikában 1956
Elmentve itt :
| Szerző: | |
|---|---|
| További közreműködők: | |
| Dokumentumtípus: | Szakdolgozat |
| Megjelent: |
1994
|
| Tárgyszavak: | |
| Online Access: | http://diploma.bibl.u-szeged.hu/23204 |
| LEADER | 00551nta a2200157 i 4500 | ||
|---|---|---|---|
| 001 | dipl23204 | ||
| 005 | 20130314081858.0 | ||
| 008 | 110914s1994 hu om 0|| zxx d | ||
| 040 | |a SZTE Diploma Repozitórium |b hun | ||
| 041 | |a zxx | ||
| 100 | 1 | |a Pap Gabriella | |
| 245 | 1 | 0 | |a Magyarország helye a világpolitikában 1956 |h [elektronikus dokumentum] / |c Gabriella Pap |
| 260 | |c 1994 | ||
| 650 | 4 | |a Jogi és igazgatási tanulmányok | |
| 700 | 1 | |a Molnár Judit |e ths | |
| 856 | 4 | 0 | |u http://diploma.bibl.u-szeged.hu/id/eprint/23204/1/1994_pap_gabriella.pdf |z Dokumentum-elérés |